| 000 | 01574nam0a22003491 4500 | ||
|---|---|---|---|
| 001 | rc\4060504 | ||
| 005 | 20250611074234.0 | ||
| 021 |
_aRU _b[49-11739ж] |
||
| 035 | _a(NLR Aleph) 008112501 | ||
| 090 |
_a9313174 _c9313174 |
||
| 100 | _a20130415d1948 |||y0rusy50 ca | ||
| 101 | 0 | _arus | |
| 102 | _aRU | ||
| 105 | _aa z ||||| | ||
| 200 | 1 |
_aПолное собрание сочинений _fКритико-биогр. очерк ["С.Н. Марин", с. 1-25], науч. описание рукописей, ред. и коммент. Н. Арнольд _gГос. лит. музей |
|
| 210 |
_aМосква _cОбразцовая тип. ЛПТ в Риге _d1948 |
||
| 215 |
_a575 с., 17 л. ил. _d25 |
||
| 225 | 1 |
_aЛетописи _fПод общ. ред. В. Бонч-Бруевича _vКн. 10 |
|
| 300 | _aНа переплете только загл. серии | ||
| 300 | _aПеред загл. авт.: С.Н. Марин. (1776-1813) | ||
| 320 | _aБиблиогр.: с. 526-33 | ||
| 604 |
_150010$aС.Н. Марин _1700#1$aАрнольд$bН.В.$gНиколай Владимирович |
||
| 608 |
_aСатира русская _z19 в. _2psbo |
||
| 700 | 1 |
_aМарин _bС.Н. _f1795-1813 _gСергей Никифорович |
|
| 702 | 1 |
_aАрнольд _bН.В. _gНиколай Владимирович _4340 _4212 |
|
| 702 | 1 |
_aМарин _bС.Н. _gСергей Никифорович _4570 |
|
| 801 | 0 |
_aRU _bNLR _gpsbo |
|
| 801 | 1 |
_aRU _bELAR _2rusmarc |
|
| 852 |
_aNLR _jП34/161 |
||
| 852 |
_aNLR _jКр II/4923 |
||
| 942 | _cBOOK | ||
| 980 | _aNB | ||